000 00816nam a2200253Ia 4500
003 OSt
005 20220926030745.0
006 a|||||r|||| 00| 0
007 ta
008 220923b |||||||| |||| 00| 0 eng d
037 _cGeneral Book
040 _aRTL
_cRTL
_beng
041 _2eng
_aeng
082 _aY9(L:5).2.N8, M1
110 _aIndian Council of Social Science Research
_991181
245 0 _aHealth for all
_b An alternative strategy
260 _aPune
_bIndian Insttute of Education
_c1981
300 _axv,262p
_ccm.
490 _aIndian Institute of Education. Indian Council of Medical Research
650 _aHealth Medical Sociology
700 _aIndian Council of Social Science Research
_991182
942 _hY9(L:5).2.N8, M1
_cGB
_2CC
999 _c650622
_d650622